书目信息 |
| 题名: |
概率真度
|
|
| 作者: | 于西昌 著 | |
| 分册: | ||
| 出版信息: | 济南 山东人民出版社 2016 |
|
| 页数: | 135页 | |
| 开本: | 24cm | |
| 丛书名: | ||
| 单 册: | ||
| 中图分类: | O14 | |
| 科图分类: | ||
| 主题词: | 数理逻辑--shu li luo ji--研究 | |
| 电子资源: | ||
| ISBN: | 978-7-209-10081-6 | |
| 000 | 00817nam0 22002291 450 | |
| 001 | 0118172345 | |
| 005 | 20170618172345.0 | |
| 010 | @a978-7-209-10081-6@dCNY25.00 | |
| 100 | @a20161216d2016 em y0chiy50 ea | |
| 101 | 0 | @achi |
| 102 | @aCN@b370000 | |
| 105 | @ay z 000yy | |
| 106 | @ar | |
| 200 | 1 | @a概率真度@Agai lv zhen du@f于西昌著 |
| 210 | @a济南@c山东人民出版社@d2016 | |
| 215 | @a135页@d24cm | |
| 330 | @a本书围绕数理逻辑这一重要理论做出了一系统列研究,先后在多种逻辑系统和连续值逻辑系统中分别研究了数理逻辑的概念、推理规则、相似度、伪距离、近似推理、数值分布、期望、方差、熵等,并列举了一些应用领域,为后继者提供了理论支撑。 | |
| 606 | 0 | @a数理逻辑@Ashu li luo ji@x研究 |
| 690 | @aO14@v5 | |
| 701 | 0 | @a于西昌@Ayu xi chang@4著 |
| 801 | 0 | @aCN@bTANGWEI@c20170615 |
| 905 | @b1009527-32@dO14@e115@f6 | |
| 概率真度/于西昌著 .-济南:山东人民出版社,2016 |
| 135页;24cm |
| ISBN 978-7-209-10081-6:CNY25.00 |
| 本书围绕数理逻辑这一重要理论做出了一系统列研究,先后在多种逻辑系统和连续值逻辑系统中分别研究了数理逻辑的概念、推理规则、相似度、伪距离、近似推理、数值分布、期望、方差、熵等,并列举了一些应用领域,为后继者提供了理论支撑。 |
| ● |
| 相关链接 |
|
|
|
|
正题名:概率真度
索取号:O14/115
 
预约/预借
| 序号 | 登录号 | 条形码 | 馆藏地/架位号 | 状态 | 备注 |
| 1 | 1009527 | 210095270 | 第二样本阅览室/ [索取号:O14/115] | 在馆 | |
| 2 | 1009528 | 210095289 | 教育系资料室/ [索取号:O14/115] | 在馆 | |
| 3 | 1009529 | 210095298 | 教育系资料室/ [索取号:O14/115] | 在馆 | |
| 4 | 1009530 | 210095305 | 教育系资料室/ [索取号:O14/115] | 在馆 | |
| 5 | 1009531 | 210095314 | 第三借阅区/ [索取号:O14/115] | 在馆 | |
| 6 | 1009532 | 210095323 | 第三借阅区/ [索取号:O14/115] | 在馆 |